| 000 | 00977nam a22001937a 4500 | ||
|---|---|---|---|
| 005 | 20240222123845.0 | ||
| 010 | _aHIN-126937 | ||
| 020 |
_a9789354914638 _c200.00 |
||
| 035 | _aHN-99283 | ||
| 037 | _bDBAD/PUB | ||
| 082 | _a385.22 | ||
| 100 |
_aरौशन,आर के _962402 |
||
| 245 |
_aबुलेट ट्रेन/ _cआर के रौशन;दीपाली ब्राह्मीद्वारा अनुवादित |
||
| 260 |
_aदिल्ली _bराष्ट्रीय पुस्तक न्यास, भारत _c2022 |
||
| 270 |
_aनेहरु भवन, 5 इंस्टीट्यूशनल, एरिया, फेज -II वसंत कुंज, _bनई दिल्ली _e110070 |
||
| 300 |
_a128 पृष्ठ; _c22 सेमी (अजिल्द) |
||
| 710 |
_aब्राह्मी,दीपाली _eअनुवादक _962403 |
||
| 942 |
_cHN _2ddc _h385.22 _mरौशन |
||
| 999 |
_c200968 _d200968 |
||